|
|
|
|
| LEADER |
00000nam0a2200000 4500 |
| 001 |
239411 |
| 005 |
20231101231655.0 |
| 035 |
|
|
|a (RuTPU)RU\TPU\book\260630
|
| 090 |
|
|
|a 239411
|
| 100 |
|
|
|a 20130607d1972 k y0rusy50 ca
|
| 101 |
1 |
|
|a rus
|c eng
|
| 102 |
|
|
|a RU
|
| 105 |
|
|
|a a z 001zy
|
| 200 |
1 |
|
|a Карбид кремния
|e пер. с англ.
|f под ред. Г. Хениша, Р. Роя
|
| 210 |
|
|
|a Москва
|c Мир
|d 1972
|
| 215 |
|
|
|a 386 с.
|c ил.
|
| 320 |
|
|
|a Библиогр. в конце ст.
|
| 606 |
1 |
|
|a Кремний
|x Химическая технология
|2 stltpush
|3 (RuTPU)RU\TPU\subj\32359
|9 54931
|
| 610 |
1 |
|
|a выращивание
|
| 610 |
1 |
|
|a получение
|
| 610 |
1 |
|
|a примеси
|
| 610 |
1 |
|
|a фазовая устойчивость
|
| 610 |
1 |
|
|a физические свойства
|
| 610 |
1 |
|
|a электронная структура
|
| 610 |
1 |
|
|a оптические свойства
|
| 610 |
1 |
|
|a температурная зависимость
|
| 610 |
1 |
|
|a приборы
|
| 610 |
1 |
|
|a применение
|
| 610 |
1 |
|
|a применение
|
| 675 |
|
|
|a 661.68
|v 3
|
| 702 |
|
1 |
|a Хениш
|b Г.
|4 340
|
| 702 |
|
1 |
|a Рой
|b Р.
|4 340
|
| 801 |
|
1 |
|a RU
|b 63413507
|c 20130607
|
| 801 |
|
2 |
|a RU
|b 63413507
|c 20131018
|g RCR
|
| 942 |
|
|
|c BK
|